Hat die Kultur und die Etymologie Relevanz bei der Benutzung und dem Verständnis von Phraseologismen?

Úloha kultúry a etymológie pri porozumení frazeologizmom. Použitie synchrónnych aj diachronických prístupov pri diskusii či sú etymológia a kultúrne znalosti nevyhnutné na pochopenie frazeologizmov.

Uložené v:
Podrobná bibliografia
Hlavný autor: Šukolová, Lucia, 1984-
Médium: Kapitola
Jazyk:German
Predmet:
Tagy: Pridať tag
Žiadne tagy, Buďte prvý, kto otaguje tento záznam!

MARC

LEADER 00000naa a2200000 4500
001 0257170
005 20240502074101.2
041 0 |a ger 
044 |a SK 
245 1 0 |a Hat die Kultur und die Etymologie Relevanz bei der Benutzung und dem Verständnis von Phraseologismen?  |c Lucia Šukolová 
520 |a Úloha kultúry a etymológie pri porozumení frazeologizmom. Použitie synchrónnych aj diachronických prístupov pri diskusii či sú etymológia a kultúrne znalosti nevyhnutné na pochopenie frazeologizmov. 
610 2 0 |a jazyky cudzie 
610 2 0 |a nemčina 
610 2 0 |a kultúra 
610 2 0 |a frazeológia 
100 1 |a Šukolová, Lucia, 1984-